Piedra y pueblo (Record no. 26080)

MARC details
000 -LEADER
campo de control de longitud fija 00843nam a2200217 i 4500
001 - NÚMERO DE CONTROL
campo de control 26080
003 - IDENTIFICADOR DE NÚMERO DE CONTROL
campo de control ES-MaACL
005 - FECHA Y HORA DE LA ÚLTIMA TRANSACCIÓN
campo de control 20230906153401.0
007 - CAMPO FIJO DE DESCRIPCIÓN FÍSICA--INFORMACIÓN GENERAL
campo de control de longitud fija t|
008 - DATOS DE LONGITUD FIJA--INFORMACIÓN GENERAL
campo de control de longitud fija 030107s1964 sp ||||1| spa d
100 1# - ENTRADA PRINCIPAL--NOMBRE DE PERSONA
Nombre de persona Aresti, Gabriel.
9 (RLIN) 22645
245 10 - MENCIÓN DEL TÍTULO
Título Piedra y pueblo
Resto del título : recolecta de poemas, ganadora del Premio de Poesía Vasca convocado en Tolosa (Guipúzcoa), en el año 1963 en homenaje a Nicolás Ormaechea "Orixe" /
Mención de responsabilidad, etc. Gabriel Aresti ; con traducción castellana del propio autor y un prólogo de Juan San Martín.
260 ## - PUBLICACIÓN, DISTRIBUCIÓN, ETC.
Lugar de publicación, distribución, etc. Zarauz :
Nombre del editor, distribuidor, etc. Icharopena,
Fecha de publicación, distribución, etc. 1964.
300 ## - DESCRIPCIÓN FÍSICA
Extensión 175 p. ;
Dimensiones 19 cm.
490 1# - MENCIÓN DE SERIE
Mención de serie Kuliska sorta ;
Designación de volumen o secuencia 55
500 ## - NOTA GENERAL
Nota general Edición bilingüe en vasco y castellano.
700 1# - ENTRADA AGREGADA--NOMBRE PERSONAL
Nombre de persona San Martín, Juan.
9 (RLIN) 102263
830 0# - PUNTO DE ACCESO ADICIONAL DE SERIE-TÍTULO UNIFORME
Título uniforme Kuliska sorta ;
Designación de volumen o secuencia 55
9 (RLIN) 182694
852 ## - LOCALIZACIÓN
Ubicación ES-MaACL
Número de control de estantería C-25486
Holdings
Estatus retirado Estado de pérdida Estado de daño No para préstamo Biblioteca de origen Biblioteca actual Ubicación en estantería Fecha de adquisición Fuente de adquisición Total de préstamos Signatura topográfica completa Código de barras Visto por última vez Precio de reemplazo Tipo de ítem Koha
        Biblioteca del Ateneo de Madrid Biblioteca del Ateneo de Madrid Depósito 2 17/01/2008     C-25486 1026915 23/02/2023 23/02/2023 Libro impreso